00261nam a2200097Ia 4500008004100000100001700041245005700058260003200115300000800147650000800155191201s2017 xx 000 0 und d aGUPTA, Neeti 0aPrinciples of Production Management BBA 5th Semester aN. DelhibKalyani Pubc2017 a257 aBBA